000 00611cam a22001931 4500
003 OSt
005 20151009182825.0
008 810519s1997 es f000 0 spa
010 _a 63033651
040 _cBMC
082 _a972.85
100 1 _aDueñas Van Severen, Ricardo
_93758
245 1 3 _aLa invasión filibustera
_b: de Nicaragua y la guerra nacional
_cRicardo Dueñas Van Severen
260 _aSan Salvador
_bSociedad Bolivariana de El Salvador
_c1997
300 _a154 p.
_c21 cm
490 _aBiblioteca del pensamiento centroamericano
651 2 4 _aNicaragua
_xHistoria
_93528
942 _2ddc
_cBK
999 _c22581
_d22581